BUBT Library Online Catalog

An Introduction to The Theory of Statistics (Record no. 2570)

000 -LEADER
fixed length control field 00578nam a2200205Ia 4500
003 - CONTROL NUMBER IDENTIFIER
control field BUBTL
008 - FIXED-LENGTH DATA ELEMENTS--GENERAL INFORMATION
fixed length control field 151213s9999 xx 000 0 und d
082 ## - DEWEY DECIMAL CLASSIFICATION NUMBER
Item number SHS
100 ## - MAIN ENTRY--PERSONAL NAME
Personal name R.N.Shil ,S.C.Debnath
245 ## - TITLE STATEMENT
Title An Introduction to The Theory of Statistics
Statement of responsibility, etc. R.N.Shil ,S.C.Debnath
250 ## - EDITION STATEMENT
Edition statement 3rd
260 ## - PUBLICATION, DISTRIBUTION, ETC. (IMPRINT)
Place of publication, distribution, etc. Dhaka
Name of publisher, distributor, etc. Minati Shil
Date of publication, distribution, etc. 2001
300 ## - PHYSICAL DESCRIPTION
Extent 505p . :
Other physical details Table ; 22cm .
Dimensions Statistics .
650 ## - SUBJECT ADDED ENTRY--TOPICAL TERM
Topical term or geographic name as entry element Statistics
650 ## - SUBJECT ADDED ENTRY--TOPICAL TERM
Topical term or geographic name as entry element Statistics
700 ## - ADDED ENTRY--PERSONAL NAME
Personal name R.N.Shil ,S.C.Debnath
856 ## - ELECTRONIC LOCATION AND ACCESS
Password 0
Logon 0
Link text Download
942 ## - ADDED ENTRY ELEMENTS (KOHA)
Source of classification or shelving scheme
Koha item type Books
Holdings
Withdrawn status Lost status Source of classification or shelving scheme Damaged status Not for loan Collection code Permanent location Current location Shelving location Date acquired Inventory number Total Checkouts Full call number Barcode Date last seen Copy number Price effective from Koha item type Total Renewals Date last checked out
          Non-fiction Bangladesh University of Business and Technology Library Bangladesh University of Business and Technology Library Statistics Stacks 05/14/2018 4010   310 SHS BUBTL-20034010 05/14/2018 C-1 05/14/2018 Books    
          Non-fiction Bangladesh University of Business and Technology Library Bangladesh University of Business and Technology Library Statistics Stacks 05/14/2018 4110   310 SHS BUBTL-20034110 05/14/2018 C-2 05/14/2018 Books    
          Non-fiction Bangladesh University of Business and Technology Library Bangladesh University of Business and Technology Library Statistics Stacks 02/03/2020 4011 2 310 SHS BUBTL-20034011 01/04/2023 C-3 02/03/2020 Books 1 12/26/2022

More Information About Library

Library Hours

  • Open: 9.00 am. to 9.00 pm.
  • Only Sunday: 9.00 am. to 6.00 pm.
  • Closed: Holiday

Contact to the University

Bangladesh University of Business and Technology Library

  • Mirpurl-2, 1216.
  • Phone:
  • Fax:
  • E-Mail: admin.library@bubt.edu.bd

Contact to the Library

Contact Person:

Md. Abdul Hakim Shah
Joint Librarian
PABX No:  113
Cell No: 01816332931
E-mail: official: admin.library@bubt.edu.bd
Personal: hakim.shah@bubt.edu.bd


BUBT Library

Copyright © 2021